Recent advances in nursing: (Record no. 5646)

MARC details
000 -LEADER
fixed length control field 00576nam a22001937a 4500
003 - CONTROL NUMBER IDENTIFIER
control field OSt
005 - DATE AND TIME OF LATEST TRANSACTION
control field 20170306160140.0
008 - FIXED-LENGTH DATA ELEMENTS--GENERAL INFORMATION
fixed length control field 170306b xxu||||| |||| 00| 0 eng d
020 ## - INTERNATIONAL STANDARD BOOK NUMBER
International Standard Book Number 0443042039
040 ## - CATALOGING SOURCE
Transcribing agency 040a
082 ## - DEWEY DECIMAL CLASSIFICATION NUMBER
Classification number WY 100
Item number R244 1989
245 ## - TITLE STATEMENT
Title Recent advances in nursing:
Remainder of title theories and modelsof nursing /
Statement of responsibility, etc. J. A Akinsanya
260 ## - PUBLICATION, DISTRIBUTION, ETC. (IMPRINT)
Place of publication, distribution, etc. Edinburgh
Name of publisher, distributor, etc. Churchill Livingstone
Date of publication, distribution, etc. 1989
300 ## - PHYSICAL DESCRIPTION
Extent 157p;
Other physical details ill :
Dimensions 10 cm.
504 ## - BIBLIOGRAPHY, ETC. NOTE
Bibliography, etc Includes bibliographical references and index
650 ## - SUBJECT ADDED ENTRY--TOPICAL TERM
Topical term or geographic name as entry element Nursing
9 (RLIN) 135
700 ## - ADDED ENTRY--PERSONAL NAME
Personal name Akinsanya, J. A
9 (RLIN) 11770
942 ## - ADDED ENTRY ELEMENTS (KOHA)
Source of classification or shelving scheme Other/Generic Classification Scheme
Koha item type Open Shelf
Holdings
Withdrawn status Lost status Source of classification or shelving scheme Damaged status Not for loan Home library Current library Date acquired Source of acquisition Inventory number Total Checkouts Full call number Barcode Date last seen Price effective from Koha item type
    Other/Generic Classification Scheme     MUST Main Library MUST Main Library 06/03/2017   131   WY 100 R244 1989 2017-0336 06/03/2017 06/03/2017 Open Shelf
    Other/Generic Classification Scheme     MUST Main Library MUST Main Library 06/03/2017   5811   WY 100 R244 1989 2017-0344 06/03/2017 06/03/2017 Open Shelf
    Other/Generic Classification Scheme     MUST Main Library MUST Main Library 22/03/2017   123   WY 100 R244 1989 2017-0475 22/03/2017 22/03/2017 Open Shelf
    Other/Generic Classification Scheme     MUST Main Library MUST Main Library 24/03/2017   141   WY 100 R244 1989 2017-0572 24/03/2017 24/03/2017 Open Shelf
    Other/Generic Classification Scheme     MUST Main Library MUST Main Library 24/03/2017   112   WY 100 R244 1989 2017-0573 24/03/2017 24/03/2017 Open Shelf
    Other/Generic Classification Scheme     MUST Main Library MUST Main Library 24/03/2017   127   WY 100 R244 1989 2017-0574 24/03/2017 24/03/2017 Open Shelf